| 000 | 01165cam a2200325 a 4500 | ||
|---|---|---|---|
| 001 | 15922417 | ||
| 003 | OSt | ||
| 005 | 20180116192409.0 | ||
| 008 | 090925s2010 nyuab | b 001 0 eng | ||
| 010 | _a 2009039717 | ||
| 020 | _a9780415551793 (hc : alk. paper) | ||
| 020 | _a9780415551809 (pbk. : alk. paper) | ||
| 020 | _a041555179X (hc : a0lk. paper) | ||
| 020 | _a0415551803 (pbk. : alk. paper) | ||
| 035 | _a(OCoLC)ocn368024577 | ||
| 040 |
_aDLC _cDLC _dYDX _dBTCTA _dYDXCP _dCDX _dDLC |
||
| 050 | 0 | 0 |
_aGF125 _b.A46 2010 |
| 082 | 0 | 0 |
_a307.760223 _222 |
| 100 | 1 |
_aAmoroso, Nadia. _91141 |
|
| 245 | 1 | 4 |
_aThe exposed city : _bmapping the urban invisibles / _cNadia Amoroso. |
| 250 | _a1st ed. | ||
| 260 |
_aNew York : _bRoutledge, _c2010. |
||
| 300 |
_axvi, 176 p. : _bill. (chiefly col.), maps ; _c26 cm. |
||
| 504 | _aIncludes bibliographical references and index. | ||
| 650 | 0 |
_aUrban geography _xGraphic methods. _91142 |
|
| 906 |
_a7 _bcbc _corignew _d1 _eecip _f20 _gy-gencatlg |
||
| 942 |
_2ddc _cBK |
||
| 999 |
_c353479 _d353479 |
||